000 00350nam a22001453 4500
001 206996
005 20250911132217.0
090 _a206996
100 _a20250911 ukry50
101 _aukr
102 _aUA
200 _a
210 _d2025
801 _2unimarc
_aUA
_gpsbo
942 _cNEWSPAPER